| 000 | nam a22 a 4500 | ||
|---|---|---|---|
| 999 |
_c1180 _d1180 |
||
| 003 | AKMAL | ||
| 005 | 20170508150147.0 | ||
| 008 | 170508s1987 my 00 may d | ||
| 020 | _cRM3.00 (kkt.) | ||
| 040 |
_aAKMAL _cAKMAL |
||
| 082 | 0 | 4 |
_a297.3 WAN _222 |
| 090 | 0 | 0 |
_a297.52 _bWAN |
| 100 | 0 |
_aWan M. Izuddin _92388 |
|
| 245 | 1 | 0 |
_aMenghidupkan malam / _cWan M. Izuddin |
| 260 |
_aKuala Lumpur : _bPusat Pembangunan Insan, _c1987 |
||
| 300 |
_av, 63ms. : _bil. ; _c21cm. |
||
| 500 | _aMengandungi ayat-ayat dari Quran | ||
| 650 | 1 | 0 |
_aPrayer _xIslam _91518 |
| 650 | 2 | 0 |
_aReligious life _xIslam _9819 |
| 942 |
_2ddc _cBOOK |
||